LEADER 02807nas 2200541 n 450 001 990009027290403321 005 20240229084617.0 011 $a0032-9355 035 $a000902729 035 $aFED01000902729 035 $a(Aleph)000902729FED01 035 $a000902729 091 $2CNR$aP 00006333 100 $a20090724b19581979km-y0itaa50------ba 101 0 $aita 102 $aIT 110 $aauu-------- 200 1 $a<>Problemi della sicurezza sociale 207 1$a1958-1979 210 $aRoma$cINAM 326 $aBimestrale 421 0$12001$aArtis medicae studia 421 0$12001$aGiornate mediche promosse dall'INAM: Atti 421 0$12001$aQuaderni de I Problemi della sicurezza sociale 421 0$12001$aQuaderni della rivista I Problemi della sicurezza sociale 421 0$12001$aCollane mediche de I Problemi della sicurezza sociale: Monografie 430 0$1001000902725$12001$a<>Problemi del servizio sociale 530 0 $a<>Problemi della sicurezza sociale 675 $a361.1 675 $a616-058 675 $a368.4 712 02$aIstituto nazionale per l'assicurazione contro le malattie 801 0$aIT$bACNP$c20090723 859 4 $uhttp://acnp.cib.unibo.it/cgi-ser/start/it/cnr/dc-p1.tcl?catno=3026&person=false&language=ITALIANO&libr=&libr_th=unina1$zBiblioteche che possiedono il periodico 901 $aSE 912 $a990009027290403321 958 $aBiblioteca della Facoltà di Economia Complesso Universitario Monte S. Angelo- Università degli Studi di Napoli "Federico II"$b1958-1977;$c1977;$fDECBC 958 $aBiblioteca Centrale della Facoltà di Giurisprudenza dell'Università di Napoli Federico II$b1958-1977;$c1969;1977;$ePer. est. 286$fFGBC 958 $aBiblioteca del dipartimento di Diritto dei rapporti civili ed economico-sociali.$b1961-1979.$c1978;$eatrio6; nav.3$fDDRC 959 $aDECBC 959 $aFGBC 959 $aDDRC 996 $aProblemi della sicurezza sociale$9790825 997 $aUNINA AP1 8 $6866-01$aNA042 Biblioteca della Facoltà di Economia Complesso Universitario Monte S. Angelo- Università degli Studi di Napoli "Federico II"$evia Cinthia,26, 80126 Napoli (NA)$m081676647-0816782$m081676684$nit AP1 8 $6866-02$aNA073 Biblioteca Centrale della Facoltà di Giurisprudenza dell'Università di Napoli Federico II$bPer. est. 286$eCorso Umberto I, 80138 Napoli (NA)$m0812537531/33$m0812537532$nit AP1 8 $6866-03$aNA214 Biblioteca del dipartimento di Diritto dei rapporti civili ed economico-sociali.$batrio6; nav.3$eVia Porta di Massa, 32, 80133 Napoli (NA)$nit AP2 40$aacnp.cib.unibo.it$nACNP Italian Union Catalogue of Serials$uhttp://acnp.cib.unibo.it/cgi-ser/start/it/cnr/df-p.tcl?catno=3026&language=ITALIANO&libr=&person=&B=1&libr_th=unina&proposto=NO